000 00747nam a2200229Ia 4500
003 OSt
005 20221005111707.0
006 a|||||r|||| 00| 0
007 ta
008 221004b |||||||| |||| 00| 0 urd d
024 _a109216
037 _cTextual
040 _aCRL
_cCRL
_burd
041 _2urd
_aurd
082 _aO168,1L97k, 152K3
245 0 _aदीवान ए ग़ालिब
_b शब्दावली
246 _aDīvān e ग़āliba: shabdāvalī
260 _aबम्बई
_bहिन्दुस्तानी बुक ट्रस्ट भारत
_c1963
650 _aउर्दू साहित्य
942 _hO168,1L97k, 152K3
_cTEXL
_2cc
999 _c1022605
_d1022605